[Event "Madrid it"]
[Site "Madrid ESP"]
[Date "1973.12.05"]
[Round "8"]
[White "Ljubojevic, Ljubomir"]
[Black "Kaplan, Julio"]
[Result "1/2-1/2"]
[WhiteElo "2565"]
[BlackElo "2455"]
[EventDate "1973.11.26"]
[PlyCount "50"]

1.e4 c5 2.Nf3 d6 3.Nc3 Nf6 4.e5 dxe5 5.Nxe5 a6 6.a4 Qc7 7.Nc4 Nc6 8.Be2 
Be6 9.b3 g6 10.Bb2 Bg7 11.O-O O-O 12.Ne3 Nd4 13.Bc4 Bd7 14.Ncd5 Qd6 15.
Nxf6+ Bxf6 16.Nd5 Be5 17.c3 Bxh2+ 18.Kh1 Ne6 19.d4 b5 20.axb5 axb5 21.
Nxe7+ Qxe7 22.Bxe6 Bxe6 23.Kxh2 Rxa1 24.Bxa1 Rd8 25.Re1 c4 1/2-1/2

[Event "Madrid it"]
[Site "Madrid ESP"]
[Date "1973.12.05"]
[Round "8"]
[White "Panno, Oscar"]
[Black "Planinc, Albin"]
[Result "0-1"]
[WhiteElo "2585"]
[BlackElo "2525"]
[EventDate "1973.11.26"]
[PlyCount "110"]

1.Nf3 Nc6 2.c4 e6 3.d4 d5 4.e3 Bb4+ 5.Bd2 a5 6.Bxb4 axb4 7.Nbd2 Nge7 8.Bd3
O-O 9.Qc2 f5 10.g3 b6 11.O-O Bb7 12.Rfc1 Qe8 13.Qd1 Ra7 14.c5 Qa8 15.Qb3 
Rb8 16.cxb6 cxb6 17.Ne5 Nxe5 18.dxe5 Nc6 19.Nf3 Ra5 20.Nd4 Nxe5 21.Be2 Ba6
22.Bxa6 Rxa6 23.Rc7 Re8 24.Rac1 b5 25.Qxb4 Rb6 26.Qc5 Qb8 27.Re7 Rxe7 28.
Qxe7 Qf8 29.Qc7 Qd6 30.Qc8+ Kf7 31.Rc7+ Kf6 32.Nxe6 Qxe6 33.Qf8+ Kg5 34.
Qxg7+ Ng6 35.h4+ Kg4 36.h5 Kxh5 37.Qxh7+ Kg4 38.Rg7 Kf3 39.Kf1 Ke4 40.Ke2 
d4 41.f3+ Kd5 42.Qg8 Qxg8 43.Rxg8 dxe3 44.Rd8+ Kc4 45.Rc8+ Kd4 46.Rd8+ Kc4
47.Re8 Kd4 48.Rd8+ Kc4 49.Rc8+ Kd5 50.Rc3 Ne5 51.Rxe3 Ra6 52.Rb3 Kc5 53.a3
Nc4 54.g4 f4 55.Kd3 Re6 0-1

[Event "Madrid it"]
[Site "Madrid ESP"]
[Date "1973.12.07"]
[Round "9"]
[White "Kaplan, Julio"]
[Black "Browne, Walter Shawn"]
[Result "0-1"]
[WhiteElo "2455"]
[BlackElo "2530"]
[EventDate "1973.11.26"]
[PlyCount "64"]

1.e4 c5 2.Nf3 d6 3.d4 cxd4 4.Nxd4 Nf6 5.Nc3 a6 6.Bg5 e6 7.f4 Be7 8.Qf3 Qc7
9.O-O-O Nbd7 10.g4 b5 11.Bxf6 Nxf6 12.g5 Nd7 13.a3 Rb8 14.h4 b4 15.axb4 
Rxb4 16.Bh3 Qc5 17.Nb3 Qb6 18.h5 Nc5 19.Nxc5 dxc5 20.g6 fxg6 21.hxg6 h6 
22.Nd5 exd5 23.Bxc8 O-O 24.Qg4 Rxe4 25.Bf5 Bf6 26.Bxe4 Bxb2+ 27.Kd2 Qb4+ 
28.c3 Bxc3+ 29.Kc2 Qb2+ 30.Kd3 dxe4+ 31.Kxe4 Re8+ 32.Kd3 Qb3 0-1

[Event "Madrid it"]
[Site "Madrid ESP"]
[Date "1973.12.07"]
[Round "9"]
[White "Calvo Minguez, Ricardo"]
[Black "Bellon Lopez, Juan Manuel"]
[Result "1/2-1/2"]
[WhiteElo "2470"]
[BlackElo "2400"]
[EventDate "1973.11.26"]
[PlyCount "34"]

1.d4 d6 2.c4 e5 3.dxe5 dxe5 4.Qxd8+ Kxd8 5.Nf3 f6 6.Nc3 c6 7.e3 Be6 8.Be2 
Nd7 9.O-O Kc7 10.Rd1 Nh6 11.b3 Be7 12.Bb2 Rhd8 13.Rac1 Nc5 14.Kf1 a5 15.
Rxd8 Rxd8 16.Rd1 Rxd1+ 17.Nxd1 Nf7 1/2-1/2

[Event "Madrid it"]
[Site "Madrid ESP"]
[Date "1973.12.08"]
[Round "10"]
[White "Ljubojevic, Ljubomir"]
[Black "Calvo Minguez, Ricardo"]
[Result "1-0"]
[WhiteElo "2565"]
[BlackElo "2470"]
[EventDate "1973.11.26"]
[PlyCount "77"]

1.e4 c5 2.Nf3 e6 3.d4 cxd4 4.Nxd4 Nf6 5.Nc3 d6 6.Be2 Nc6 7.O-O Be7 8.Be3 
Bd7 9.Ndb5 Qb8 10.a4 O-O 11.f4 Rd8 12.Qe1 Nb4 13.Rc1 Bc6 14.Nd4 d5 15.e5 
Ne4 16.Nxe4 dxe4 17.Qg3 Nd5 18.Bf2 Qc8 19.c4 Nb4 20.c5 a6 21.Rc4 Nd5 22.
Bg4 Bd7 23.Rfc1 Re8 24.b4 Bxa4 25.f5 Bf8 26.fxe6 fxe6 27.Re1 Bb5 28.Nxb5 
axb5 29.Rcxe4 Ra4 30.Qb3 Qc6 31.Rd4 b6 32.Bf3 Rd8 33.cxb6 Qa8 34.Red1 Ra3 
35.Rxd5 exd5 36.b7 Qa4 37.Qxd5+ Rxd5 38.Bxd5+ Kh8 39.Re1 1-0

[Event "Madrid it"]
[Site "Madrid ESP"]
[Date "1973.12.08"]
[Round "10"]
[White "Karpov, Anatoly"]
[Black "Furman, Semen"]
[Result "1/2-1/2"]
[WhiteElo "2660"]
[BlackElo "2540"]
[EventDate "1973.11.26"]
[PlyCount "45"]

1.e4 e5 2.Nf3 Nc6 3.Bb5 a6 4.Bxc6 dxc6 5.d4 exd4 6.Qxd4 Qxd4 7.Nxd4 Bd6 8.
Nc3 Ne7 9.Be3 Bd7 10.O-O-O O-O-O 11.Nb3 Kb8 12.f4 f6 13.f5 b6 14.Nd2 Be5 
15.Nc4 Bxc3 16.bxc3 c5 17.Bf4 Kc8 18.g4 Bb5 19.Rxd8+ Rxd8 20.Nd2 Re8 21.h4
Nc6 22.g5 Na5 23.gxf6 1/2-1/2

[Event "Madrid it"]
[Site "Madrid ESP"]
[Date "1973.12.09"]
[Round "11"]
[White "Calvo Minguez, Ricardo"]
[Black "Browne, Walter Shawn"]
[Result "0-1"]
[WhiteElo "2470"]
[BlackElo "2530"]
[EventDate "1973.11.26"]
[PlyCount "98"]

1.e4 c5 2.Nf3 d6 3.d4 cxd4 4.Nxd4 Nf6 5.Nc3 a6 6.Bg5 e6 7.f4 Be7 8.Qe2 h6 
9.Bxf6 Bxf6 10.O-O-O Qc7 11.Qd2 Bd7 12.h4 Nc6 13.Nb3 Be7 14.Rh3 Rc8 15.Kb1
Na5 16.Nxa5 Qxa5 17.e5 d5 18.Ne4 Qxd2 19.Nxd2 O-O 20.Bd3 Bb5 21.a3 Bxd3 
22.cxd3 f6 23.Nf3 fxe5 24.fxe5 Rf4 25.Rc1 Rc6 26.h5 Rg4 27.g3 Rxc1+ 28.
Kxc1 Bc5 29.Nh2 Rg5 30.Nf3 Rg4 31.Nh2 Rg5 32.Nf3 Rf5 33.g4 Be3+ 34.Kd1 Rf7
35.Nh4 Bd4 36.Ng6 Bxb2 37.Rh2 Bxa3 38.Rc2 Rf1+ 39.Ke2 Rc1 40.Ra2 Bb4 41.d4
Rc4 42.Kd3 Rc3+ 43.Ke2 a5 44.Nf4 Rc6 45.Nd3 Bc3 46.Nc5 b6 47.Nb3 Rc4 48.
Kd3 Bb4 49.Rc2 b5 0-1

[Event "Madrid it"]
[Site "Madrid ESP"]
[Date "1973.12.09"]
[Round "11"]
[White "Planinc, Albin"]
[Black "Bellon Lopez, Juan Manuel"]
[Result "1-0"]
[WhiteElo "2525"]
[BlackElo "2400"]
[EventDate "1973.11.26"]
[PlyCount "82"]

1.g3 c5 2.Bg2 Nc6 3.Nf3 g6 4.O-O Bg7 5.c3 e5 6.d3 d6 7.a3 Qd7 8.b4 Nge7 9.
Nbd2 O-O 10.Nb3 Nd5 11.Bb2 b6 12.Nfd2 Nc7 13.e3 Ba6 14.c4 cxb4 15.axb4 
Nxb4 16.Nc1 Nc6 17.f4 f5 18.Qa4 Bb7 19.Ne2 Qe8 20.e4 exf4 21.Bxg7 Kxg7 22.
gxf4 Ne6 23.Rae1 Nc5 24.Qa1+ Kg8 25.Ng3 Nb4 26.exf5 Qd7 27.Bxb7 Qxb7 28.
Qc3 a5 29.Nde4 Qg7 30.f6 Qf7 31.f5 g5 32.Nxg5 Qxf6 33.Qxf6 Rxf6 34.d4 Nb3 
35.Nh5 Rh6 36.f6 Rg6 37.h4 a4 38.f7+ Kf8 39.Nf6 Rxf6 40.Rxf6 Nxd4 41.Nxh7+
Kg7 1-0

[Event "Madrid it"]
[Site "Madrid ESP"]
[Date "1973.12.09"]
[Round "11"]
[White "Pomar Salamanca, Arturo"]
[Black "Tukmakov, Vladimir"]
[Result "0-1"]
[WhiteElo "2435"]
[BlackElo "2545"]
[EventDate "1973.11.26"]
[PlyCount "72"]

1.Nf3 g6 2.d4 Bg7 3.g3 c5 4.d5 Nf6 5.Bg2 O-O 6.c4 d6 7.Nc3 e6 8.dxe6 Bxe6 
9.Bf4 Bxc4 10.Bxd6 Re8 11.O-O Nbd7 12.Re1 Qb6 13.b3 Ba6 14.Rc1 Rad8 15.Bf4
Nf8 16.Qc2 Ne6 17.Na4 Qb5 18.Nxc5 Rc8 19.b4 Nxc5 20.bxc5 Ne4 21.Ne5 Nxc5 
22.Nxf7 Ne6 23.a4 Qb4 24.Qa2 Bc4 25.Qb1 Qxb1 26.Rxb1 Kxf7 27.Rxb7+ Re7 28.
Rc1 Nxf4 29.gxf4 Be6 30.Rcb1 Rec7 31.Rxc7+ Rxc7 32.h3 Bc3 33.e3 a5 34.Rb6 
Bd7 35.Bd5+ Kg7 36.Bb3 Bxh3 0-1

[Event "Madrid it"]
[Site "Madrid ESP"]
[Date "1973.12.11"]
[Round "12"]
[White "Ljubojevic, Ljubomir"]
[Black "Planinc, Albin"]
[Result "1/2-1/2"]
[WhiteElo "2565"]
[BlackElo "2525"]
[EventDate "1973.11.26"]
[PlyCount "26"]

1.Nf3 g6 2.e4 Bg7 3.d4 d6 4.Nc3 Nf6 5.Bc4 O-O 6.e5 dxe5 7.Nxe5 Nfd7 8.Qe2 
Nb6 9.Bb3 Nc6 10.Nxc6 bxc6 11.Be3 a5 12.a4 Ba6 13.Qg4 Bc4 1/2-1/2

[Event "Madrid it"]
[Site "Madrid ESP"]
[Date "1973.12.11"]
[Round "12"]
[White "Bellon Lopez, Juan Manuel"]
[Black "Pomar Salamanca, Arturo"]
[Result "0-1"]
[WhiteElo "2400"]
[BlackElo "2435"]
[EventDate "1973.11.26"]
[PlyCount "48"]

1.Nf3 Nf6 2.b3 d5 3.Bb2 c5 4.e3 Nc6 5.Bb5 Bd7 6.O-O g6 7.c4 dxc4 8.Bxc4 
Bg7 9.d4 cxd4 10.exd4 Nh5 11.Ne5 Nxe5 12.dxe5 Bc6 13.Qc1 Qc8 14.Be2 Qf5 
15.f4 Bh6 16.g3 O-O 17.Qe3 Qh3 18.Qf2 Nxf4 19.Bc1 Nxe2+ 20.Qxe2 Bxc1 21.
Rxc1 f5 22.Rf1 f4 23.gxf4 Rad8 24.Rf2 Rd3 0-1

[Event "Madrid it"]
[Site "Madrid ESP"]
[Date "1973.12.11"]
[Round "12"]
[White "Furman, Semen"]
[Black "Kaplan, Julio"]
[Result "1-0"]
[WhiteElo "2540"]
[BlackElo "2455"]
[EventDate "1973.11.26"]
[PlyCount "109"]

1.d4 Nf6 2.c4 e6 3.g3 c5 4.Nf3 cxd4 5.Nxd4 Qc7 6.Nd2 a6 7.Bg2 Nc6 8.N4f3 
Be7 9.O-O O-O 10.Qc2 d6 11.b3 Bd7 12.Bb2 h6 13.Rac1 Rac8 14.Rfd1 b5 15.
Bxf6 Bxf6 16.Ne4 Be7 17.Qd2 d5 18.cxd5 exd5 19.Qxd5 Rfd8 20.Qh5 Be6 21.Bh3
Bxh3 22.Qxh3 Ba3 23.Rxd8+ Rxd8 24.Rc2 Qe7 25.Rxc6 Rd1+ 26.Kg2 Qxe4 27.Qc8+
Bf8 28.Rc2 a5 29.Qc6 Qxc6 30.Rxc6 a4 31.e3 a3 32.Nd4 b4 33.Kf3 g6 34.Rc8 
Ra1 35.Rc2 Bg7 36.Ke4 Rb1 37.h4 h5 38.Kd3 Bf6 39.Rc4 Rb2 40.Rc2 Rb1 41.Nc6
Bc3 42.Ne7+ Kg7 43.Nd5 Be1 44.Re2 f5 45.Kc4 Kf7 46.e4 fxe4 47.Nxb4 Kg7 48.
Nd5 Ba5 49.b4 Bd8 50.Rxe4 Rc1+ 51.Kb3 Rd1 52.Nf4 Bb6 53.Re2 Rf1 54.Ne6+ 
Kf6 55.Nc5 1-0

[Event "Madrid it"]
[Site "Madrid ESP"]
[Date "1973.12.11"]
[Round "12"]
[White "Garcia Martinez, Silvino"]
[Black "Calvo Minguez, Ricardo"]
[Result "1-0"]
[WhiteElo "2450"]
[BlackElo "2470"]
[EventDate "1973.11.26"]
[PlyCount "79"]

1.e4 e6 2.d4 d5 3.Nd2 Nf6 4.e5 Nfd7 5.c3 b6 6.Nh3 c5 7.Qg4 Nc6 8.Bb5 Bb7 
9.O-O Qe7 10.Nf3 h6 11.Nf4 a6 12.Bd3 O-O-O 13.h4 Kb8 14.Bd2 Rc8 15.Rad1 c4
16.Bb1 g6 17.Rde1 Qd8 18.Ne2 Ne7 19.h5 Rg8 20.hxg6 Nxg6 21.Nf4 Ne7 22.Qh3 
b5 23.Nh2 Nc6 24.Nh5 b4 25.Ng4 Rh8 26.f4 bxc3 27.bxc3 Qa5 28.Re2 Be7 29.
Be1 Nb6 30.f5 Bg5 31.Nh2 Na4 32.fxe6 fxe6 33.Ng7 Qb6 34.Bc2 Qb2 35.Bd1 Qa3
36.Nxe6 Rce8 37.Bxa4 Qxa4 38.Nc5 Qa3 39.Qd7 Re7 40.Qd6+ 1-0

[Event "Madrid it"]
[Site "Madrid ESP"]
[Date "1973.12.12"]
[Round "13"]
[White "Planinc, Albin"]
[Black "Browne, Walter Shawn"]
[Result "1/2-1/2"]
[WhiteElo "2525"]
[BlackElo "2530"]
[EventDate "1973.11.26"]
[PlyCount "82"]

1.e4 c5 2.Nf3 d6 3.d4 cxd4 4.Nxd4 Nf6 5.Nc3 a6 6.Bg5 e6 7.f4 Be7 8.Qf3 Qc7
9.O-O-O Nbd7 10.Bd3 h6 11.Qh3 Nb6 12.Rhe1 e5 13.Nf5 Bxf5 14.exf5 O-O-O 15.
Bh4 exf4 16.Bf2 Rhe8 17.Bxb6 Qxb6 18.Bc4 d5 19.Bxd5 Bb4 20.Na4 Qf2 21.Rxe8
Rxe8 22.Qb3 Qe3+ 23.Kb1 Qxb3 24.Bxb3 Re2 25.Nb6+ Kc7 26.Nd5+ Nxd5 27.Bxd5 
Rf2 28.Bf3 b6 29.a3 Bd2 30.c3 b5 31.Kc2 Be3+ 32.Kb3 a5 33.Rd5 a4+ 34.Ka2 
Kb6 35.Rd6+ Kc7 36.Rd5 Kb6 37.Rd6+ Kc7 38.Rd5 Kb6 39.Rd6+ Kc7 40.Rd5 Kb6 
41.Rd6+ Kc7 1/2-1/2

[Event "Madrid it"]
[Site "Madrid ESP"]
[Date "1973.12.12"]
[Round "13"]
[White "Kaplan, Julio"]
[Black "Hort, Vlastimil"]
[Result "1/2-1/2"]
[WhiteElo "2455"]
[BlackElo "2590"]
[EventDate "1973.11.26"]
[PlyCount "52"]

1.e4 e5 2.Nc3 Nf6 3.Nf3 Nc6 4.Bb5 Bb4 5.O-O O-O 6.Bxc6 dxc6 7.Nxe5 Re8 8.
Nd3 Bxc3 9.dxc3 Nxe4 10.Qf3 Qf6 11.Qxf6 Nxf6 12.Bg5 Bf5 13.Bxf6 gxf6 14.
Rfe1 a5 15.f3 Kf8 16.Kf1 a4 17.Rxe8+ Rxe8 18.Re1 Rd8 19.g4 Be6 20.a3 Rd5 
21.Re4 Ra5 22.Nf4 Ba2 23.Ke2 Rb5 24.Nd3 Ra5 25.Rd4 Bd5 26.Nf4 Ke7 1/2-1/2

[Event "Madrid it"]
[Site "Madrid ESP"]
[Date "1973.12.12"]
[Round "13"]
[White "Pomar Salamanca, Arturo"]
[Black "Ljubojevic, Ljubomir"]
[Result "0-1"]
[WhiteElo "2435"]
[BlackElo "2565"]
[EventDate "1973.11.26"]
[PlyCount "48"]

1.c4 c5 2.Nc3 b6 3.Nf3 Bb7 4.d4 cxd4 5.Nxd4 Nf6 6.f3 e6 7.e4 d6 8.Be2 Be7 
9.Be3 O-O 10.O-O Nbd7 11.Qd2 a6 12.a4 Re8 13.Rfd1 Rc8 14.a5 d5 15.cxd5 
exd5 16.Nxd5 Bxd5 17.exd5 Nxd5 18.Nc6 Rxc6 19.Qxd5 Rd6 20.Qb7 Nc5 21.Qa7 
Bf8 22.Bxc5 Rxd1+ 23.Rxd1 Bxc5+ 24.Kf1 Qh4 0-1

[Event "Madrid it"]
[Site "Madrid ESP"]
[Date "1973.12.12"]
[Round "13"]
[White "Panno, Oscar"]
[Black "Bellon Lopez, Juan Manuel"]
[Result "1/2-1/2"]
[WhiteElo "2585"]
[BlackElo "2400"]
[EventDate "1973.11.26"]
[PlyCount "144"]

1.d4 Nf6 2.c4 c5 3.d5 b5 4.cxb5 a6 5.bxa6 Bxa6 6.Nc3 g6 7.Nf3 d6 8.g3 Bg7 
9.Bh3 O-O 10.O-O Nbd7 11.Qc2 Qc7 12.Rd1 Rfb8 13.Rb1 Ne8 14.Bd2 Rb4 15.a3 
Rb7 16.b3 Qd8 17.Be1 Nc7 18.a4 Rab8 19.Na2 Nb6 20.e4 Nxa4 21.b4 Bb5 22.Bf1
Bxf1 23.Kxf1 Qd7 24.Kg2 Ra8 25.bxc5 Rxb1 26.Rxb1 Nxc5 27.Nb4 Qg4 28.Nc6 
Kf8 29.Ba5 Ne8 30.Rb4 Qc8 31.Bd8 Qa6 32.Bxe7+ Kg8 33.e5 Qd3 34.Qxd3 Nxd3 
35.Rb3 Nc5 36.Re3 Bf8 37.Bxf8 Kxf8 38.e6 Nc7 39.Ng5 Nxd5 40.Rf3 f6 41.e7+ 
Kg8 42.Nh3 Rc8 43.Nf4 Nxf4+ 44.gxf4 Kf7 45.Re3 d5 46.Nd8+ Ke8 47.Ne6 Nxe6 
48.Rxe6 f5 49.Re5 d4 50.h4 Rc7 51.Kf3 Rd7 52.Ke2 d3+ 53.Kd2 Rd4 54.h5 Rxf4
55.hxg6 hxg6 56.Kxd3 Rxf2 57.Ke3 Rf1 58.Ke2 Rf4 59.Ke3 Rg4 60.Ke2 Rg3 61.
Re6 Rg4 62.Kf3 Rg1 63.Kf2 Rg5 64.Kf3 Rg4 65.Kf2 g5 66.Re5 f4 67.Kf1 Rg3 
68.Kf2 Rg4 69.Kf1 Rg3 70.Kf2 Rg4 71.Kf1 Rg3 72.Kf2 Rg4 1/2-1/2

[Event "Madrid it"]
[Site "Madrid ESP"]
[Date "1973.12.13"]
[Round "14"]
[White "Karpov, Anatoly"]
[Black "Portisch, Lajos"]
[Result "1/2-1/2"]
[WhiteElo "2660"]
[BlackElo "2650"]
[EventDate "1973.11.26"]
[PlyCount "100"]
[Source "The Games of A. Karpov (O'Connell and Adams, Batsford 1974)"]

1.e4 e5 2.Nf3 Nc6 3.Bb5 a6 4.Ba4 Nf6 5.O-O Be7 6.Re1 b5 7.Bb3 d6 8.c3 O-O 
9.h3 Nb8 10.d4 Nbd7 11.Nbd2 Bb7 12.Bc2 Re8 13.Nf1 Bf8 14.Ng3 g6 15.a4 c5 
16.d5 Nb6 17.a5 Nc4 18.b4 cxb4 19.cxb4 Rc8 20.Bd3 Bg7 21.Ra2 Rf8 22.Rc2 
Qd7 23.Nh2 Kh8 24.h4 h5 25.Qe2 Kg8 26.Bxc4 Rxc4 27.Rxc4 bxc4 28.Qxc4 Ne8 
29.Rf1 Nc7 30.f4 exf4 31.Bxf4 Nb5 32.Qd3 Rc8 33.Bd2 Rc7 34.Ne2 Bc8 35.Nf3 
Qe7 36.Bg5 f6 37.Bf4 f5 38.Ng5 fxe4 39.Qxe4 Qxe4 40.Nxe4 Rc4 41.Nxd6 Nxd6 
42.Bxd6 Rxh4 43.Bc5 Re4 44.Nf4 Kh7 45.Ne6 Bxe6 46.dxe6 Rxe6 47.Rf7 Kh6 48.
Rb7 Re4 49.Kf2 Bd4+ 50.Bxd4 Rxd4 1/2-1/2

[Event "Madrid it"]
[Site "Madrid ESP"]
[Date "1973.12.13"]
[Round "14"]
[White "Ljubojevic, Ljubomir"]
[Black "Panno, Oscar"]
[Result "1-0"]
[WhiteElo "2565"]
[BlackElo "2585"]
[EventDate "1973.11.26"]
[PlyCount "63"]

1.e4 e5 2.Nf3 Nc6 3.Bb5 a6 4.Ba4 Nf6 5.O-O Be7 6.Re1 b5 7.Bb3 O-O 8.Nc3 
Bb7 9.d3 d6 10.a4 b4 11.Nd5 Nxd5 12.Bxd5 Rb8 13.Bd2 Kh8 14.c3 bxc3 15.bxc3
Na5 16.Rb1 c6 17.Ba2 Qc7 18.Qc2 c5 19.Bd5 Bxd5 20.exd5 c4 21.Rxb8 Rxb8 22.
d4 exd4 23.Nxd4 Bf6 24.Qe4 h6 25.Bf4 Bxd4 26.Qxd4 Nb3 27.Qe4 Nc5 28.Qxc4 
Qd7 29.h3 Nxa4 30.Qxa6 Nxc3 31.Bxd6 Re8 32.Be5 1-0

[Event "Madrid it"]
[Site "Madrid ESP"]
[Date "1973.12.13"]
[Round "14"]
[White "Kaplan, Julio"]
[Black "Uhlmann, Wolfgang"]
[Result "1/2-1/2"]
[WhiteElo "2455"]
[BlackElo "2560"]
[EventDate "1973.11.26"]
[PlyCount "100"]

1.e4 g6 2.d4 Bg7 3.Nc3 c6 4.Nf3 d6 5.Be2 Nf6 6.O-O O-O 7.h3 Nbd7 8.a4 e5 
9.dxe5 dxe5 10.Bc4 h6 11.Qd6 Re8 12.Be3 Qe7 13.Qxe7 Rxe7 14.Rfd1 Re8 15.
Rd2 Bf8 16.Rad1 Kg7 17.g4 Nc5 18.g5 hxg5 19.Nxg5 Ne6 20.Bxe6 Bxe6 21.Nxe6+
Rxe6 22.Rd8 Rxd8 23.Rxd8 Bb4 24.Bxa7 Bxc3 25.bxc3 Re8 26.Rxe8 Nxe8 27.Bb8 
Kf6 28.f4 exf4 29.Bxf4 Ke6 30.Kf2 f5 31.Ke3 Nf6 32.exf5+ Kxf5 33.c4 Ne4 
34.a5 Nc5 35.Bb8 Nd7 36.Bd6 Ke6 37.Bh2 Kf5 38.Bd6 Ke6 39.Bg3 Nc5 40.Kd4 
Nd7 41.Ke4 Nf6+ 42.Kd4 Nd7 43.Be1 Kf5 44.Bd2 Ke6 45.Kc3 Ke5 46.Kb4 Nb8 47.
Bc3+ Kd6 48.Be1 Na6+ 49.Kc3 Nc5 50.Bg3+ Ke6 1/2-1/2

[Event "Madrid it"]
[Site "Madrid ESP"]
[Date "1973.12.13"]
[Round "14"]
[White "Browne, Walter Shawn"]
[Black "Pomar Salamanca, Arturo"]
[Result "1/2-1/2"]
[WhiteElo "2530"]
[BlackElo "2435"]
[EventDate "1973.11.26"]
[PlyCount "53"]

1.e4 c6 2.d4 d5 3.exd5 cxd5 4.Bd3 Nc6 5.c3 Nf6 6.Bf4 Bg4 7.Qb3 Qd7 8.Nd2 
e6 9.Ngf3 Bxf3 10.Nxf3 Nh5 11.Ne5 Qc7 12.Be3 Qb6 13.Qd1 Nf6 14.f4 Ne4 15.
Bxe4 dxe4 16.Qc2 f6 17.Nxc6 Qxc6 18.O-O f5 19.Qb3 Be7 20.c4 Qb6 21.Rfd1 
Qxb3 22.axb3 Kf7 23.d5 Rhd8 24.Ra5 g6 25.Kf2 exd5 26.Rdxd5 Rxd5 27.Rxd5 
1/2-1/2

[Event "Madrid it"]
[Site "Madrid ESP"]
[Date "1973.12.13"]
[Round "14"]
[White "Furman, Semen"]
[Black "Calvo Minguez, Ricardo"]
[Result "0-1"]
[WhiteElo "2540"]
[BlackElo "2470"]
[EventDate "1973.11.26"]
[PlyCount "80"]

1.Nf3 d5 2.d4 Nf6 3.c4 e6 4.g3 Nbd7 5.Bg2 dxc4 6.O-O c5 7.Na3 Nb6 8.Nxc4 
Nxc4 9.Qa4+ Bd7 10.Qxc4 b5 11.Qd3 c4 12.Qc2 Bc6 13.Bg5 Be7 14.a4 a6 15.
Rfd1 Be4 16.Qc1 O-O 17.Ne5 Bxg2 18.Kxg2 h6 19.Bf4 Rc8 20.f3 Nd5 21.Bd2 b4 
22.Be1 c3 23.b3 f5 24.Bf2 Bg5 25.e3 c2 26.Rd3 f4 27.Nc4 fxe3 28.Bxe3 Nxe3+
29.Nxe3 e5 30.h4 Qf6 31.Nd5 Qf7 32.hxg5 Qxd5 33.gxh6 e4 34.hxg7 exd3 35.
gxf8=Q+ Rxf8 36.Qh6 Qxf3+ 37.Kh2 Rf6 38.Qh4 Kf7 39.Re1 Qf2+ 40.Kh3 Qxe1 
0-1

[Event "Madrid it"]
[Site "Madrid ESP"]
[Date "1973.12.13"]
[Round "14"]
[White "Garcia Martinez, Silvino"]
[Black "Planinc, Albin"]
[Result "0-1"]
[WhiteElo "2450"]
[BlackElo "2525"]
[EventDate "1973.11.26"]
[PlyCount "84"]

1.e4 g6 2.d4 Bg7 3.Nf3 d6 4.Be2 Nf6 5.Nc3 O-O 6.O-O c6 7.h3 Nbd7 8.e5 dxe5
9.dxe5 Ne8 10.Bf4 Nc7 11.Qc1 Re8 12.Rd1 Ne6 13.Bc4 Qa5 14.Bxe6 fxe6 15.Re1
Rf8 16.a3 b5 17.Nd4 Nb8 18.Bh6 c5 19.Bxg7 Kxg7 20.Nb3 Qb6 21.Re4 Bb7 22.
Rh4 Rf7 23.Qh6+ Kg8 24.Nd2 Nd7 25.Nce4 Nxe5 26.f4 c4+ 27.Kh2 Nd7 28.Ng5 
Qf2 29.Nde4 Bxe4 30.Nxe4 Qxc2 31.Ng5 Nf6 32.Re1 Rd8 33.Nxf7 Kxf7 34.f5 
gxf5 35.Qe3 Rd6 36.Rd4 Rxd4 37.Qxd4 Qa4 38.g4 Qc2+ 39.Kg3 Ne4+ 40.Kh4 Qg2 
41.Rg1 Qf3 42.Qxa7 Qf4 0-1

[Event "Madrid it"]
[Site "Madrid ESP"]
[Date "1973.12.15"]
[Round "15"]
[White "Uhlmann, Wolfgang"]
[Black "Hort, Vlastimil"]
[Result "1/2-1/2"]
[WhiteElo "2560"]
[BlackElo "2590"]
[EventDate "1973.11.26"]
[PlyCount "33"]

1.d4 Nf6 2.c4 e6 3.Nf3 d5 4.Nc3 c5 5.cxd5 Nxd5 6.e3 Nc6 7.Bc4 Be7 8.Bxd5 
exd5 9.dxc5 Be6 10.Nd4 O-O 11.Nxc6 bxc6 12.Qd4 Bf6 13.Qa4 d4 14.exd4 Qxd4 
15.Qxd4 Bxd4 16.Be3 Bxc3+ 17.bxc3 1/2-1/2

[Event "Madrid it"]
[Site "Madrid ESP"]
[Date "1973.12.15"]
[Round "15"]
[White "Calvo Minguez, Ricardo"]
[Black "Kaplan, Julio"]
[Result "1/2-1/2"]
[WhiteElo "2470"]
[BlackElo "2455"]
[EventDate "1973.11.26"]
[PlyCount "46"]

1.e4 c5 2.Nf3 d6 3.d4 cxd4 4.Nxd4 Nf6 5.Nc3 g6 6.f4 Nbd7 7.Bd3 Bg7 8.Nf3 
O-O 9.O-O e5 10.Kh1 a6 11.a4 Nc5 12.Qe2 Bg4 13.Qf2 Nh5 14.fxe5 Nxd3 15.
cxd3 dxe5 16.Nd5 Be6 17.Nb6 Rb8 18.Ra3 f5 19.a5 f4 20.d4 exd4 21.Rd3 Qd6 
22.Re1 Rbd8 23.e5 Qc5 1/2-1/2

[Event "Madrid it"]
[Site "Madrid ESP"]
[Date "1973.12.15"]
[Round "15"]
[White "Tukmakov, Vladimir"]
[Black "Bellon Lopez, Juan Manuel"]
[Result "1-0"]
[WhiteElo "2545"]
[BlackElo "2400"]
[EventDate "1973.11.26"]
[PlyCount "119"]

1.e4 c5 2.Nf3 Nc6 3.d4 cxd4 4.Nxd4 g6 5.c4 Bg7 6.Be3 b6 7.Nc3 Bb7 8.Be2 
Nf6 9.O-O O-O 10.Qd2 d6 11.f3 Qd7 12.Rad1 Rad8 13.Rfe1 Ne8 14.Bf1 Qc8 15.
Nd5 Rd7 16.Nxc6 Bxc6 17.Bg5 Qb7 18.b4 e6 19.Nc3 Qc8 20.Bh6 Nf6 21.Bxg7 
Kxg7 22.Qb2 Kg8 23.Rd2 Qd8 24.Ne2 Qe7 25.Nd4 Ba8 26.a4 Rfd8 27.Nb3 Nh5 28.
Qc3 e5 29.a5 Nf4 30.axb6 axb6 31.Qe3 f5 32.exf5 gxf5 33.Qxb6 Kh8 34.Qe3 
Rg8 35.Kh1 Rg6 36.c5 Qh4 37.Rxd6 Rdxd6 38.cxd6 e4 39.Rd1 Ne6 40.d7 Qe7 41.
f4 Nd8 42.Nc5 h6 43.Ra1 Bc6 44.Qc3+ Qg7 45.Qxg7+ Kxg7 46.b5 Bd5 47.Rd1 Ba8
48.Ra1 Bd5 49.Rd1 Ba8 50.Kg1 Kf8 51.Kf2 Ke7 52.Ke3 Rd6 53.Rxd6 Kxd6 54.Kd4
Bd5 55.g3 Be6 56.Bh3 e3 57.Bf1 Ba2 58.Bd3 h5 59.h4 Nf7 60.Be2 1-0